| 000 | 00671nam a2200229 a 4500 | ||
|---|---|---|---|
| 001 | BRCA_7720 | ||
| 005 | 20190320205949.0 | ||
| 008 | 300813s1951----po-a######---#000-0#por-# | ||
| 041 | _apor | ||
| 044 | _apo | ||
| 050 | 4 |
_aN3231.M8 _b.R68 1951 |
|
| 245 | 1 | 0 |
_aRoteiro das pinturas _cMuseu Nacional de Arte Antiga. |
| 260 |
_aLisboa _bMuseu Nacional de Arte Antiga _c1951 |
||
| 300 |
_a129 p. _bil., 21 láminas _c20 cm. |
||
| 500 | _aU63 | ||
| 650 | 1 | 4 |
_aRetratos _vExposiciones _919095 |
| 650 | 1 | 4 |
_aSellos _zLisboa _919096 |
| 650 | 1 | 4 |
_aGalerías y museos _zPortugal _919097 |
| 710 | 2 |
_aMuseu Nacional de Arte Antiga (Lisboa) _919098 |
|
| 902 | _aGFM | ||
| 942 |
_2lcc _cB |
||
| 999 |
_c7394 _d7394 |
||